Sports Quiz

Random Sports Quiz

Unsuccessful Snooker Finalists Quiz Stats

 Plays Quiz not verified by Sporcle

Challenge
Share
Tweet
Embed
Score 0/36 Timer 10:00
0 Plays Today
Year of first final Player % Correct
1978Perrie Mans
78.1%
1985Kirk Stevens
77%
2015Gary Wilson
77%
1976Eddie Charlton
73.8%
1982David Taylor
69.9%
1988Wayne Jones
67.8%
1989Warren King
67.8%
2018Mark Davis
66.7%
1991Gary Wilkinson
66.1%
1996Alain Robidoux
66.1%
1992Darren Morgan
65%
1996Brian Morgan
65%
2002Ian McCulloch
64.5%
2009Joe Swail
63.9%
1975Graham Miles
63.4%
1989Dean Reynolds
62.8%
2013Xiao Guodong
62.3%
2016Michael Holt
62.3%
Year of first final Player % Correct
2017Cao Yupeng
62%
1986Rex Williams
61.7%
1997Tony Drago
61.2%
2007Andrew Higginson
59%
2015David Gilbert
58.5%
1989Dene O'Kane
55.7%
2018Jack Lisowski
55.6%
2014Gerard Greene
55.2%
2017Yan Bingtao
53.6%
1991Mark Johnston-Allen
52.5%
1996Euan Henderson
49.7%
2006Jamie Cope
49.2%
2015Ben Woollaston
48.1%
2016Tom Ford
47.5%
1999Billy Snaddon
47%
1996Rod Lawler
45.9%
2010Jamie Burnett
45.4%
2013Aditya Mehta
43.2%

You're not logged in!

Compare scores with friends on all Sporcle quizzes.
OR
Log In

You Might Also Like...

Show Comments

Extras

Created Mar 8, 2017ReportNominate
Tags:snooker

Top Quizzes Today


Score Distribution

Your Account Isn't Verified!

In order to create a playlist on Sporcle, you need to verify the email address you used during registration. Go to your Sporcle Settings to finish the process.

Report this User

Report this user for behavior that violates our Community Guidelines.

Details: